Процессы водородного наномодифицирования в золь-гель технологии оксидных материалов; Энергетика: экология, надежность, безопасность

Detaylı Bibliyografya
Parent link:Энергетика: экология, надежность, безопасность.— 2010.— [С. 211-213]
Yazar: Бородин Ю. В. Юрий Викторович
Özet:Заглавие с экрана.
Электронная версия печатной публикации
Dil:Rusça
Baskı/Yayın Bilgisi: 2010
Konular:
Online Erişim:http://www.lib.tpu.ru/fulltext/v/Conferences/2010/K02/4075.pdf
Materyal Türü: Elektronik Kitap Bölümü
KOHA link:https://koha.lib.tpu.ru/cgi-bin/koha/opac-detail.pl?biblionumber=205336

MARC

LEADER 00000naa2a2200000 4500
001 205336
005 20260203120417.0
035 |a (RuTPU)RU\TPU\book\223797 
035 |a RU\TPU\book\223787 
090 |a 205336 
100 |a 20111208d2010 k y0rusy50 ca 
101 0 |a rus 
102 |a RU 
135 |a drnn ---uucaa 
181 0 |a i  
182 0 |a b 
200 1 |a Процессы водородного наномодифицирования в золь-гель технологии оксидных материалов  |f Ю. В. Бородин 
203 |a Текст  |c электронный 
215 |a 1 файл (260 Кб) 
300 |a Заглавие с экрана. 
300 |a Электронная версия печатной публикации 
337 |a Adobe Reader 
463 1 |0 (RuTPU)RU\TPU\book\205138  |t Энергетика: экология, надежность, безопасность  |o материалы докладов XVI Всероссийской научно-технической конференции, 8-10 декабря 2010 г., Томск  |f Национальный исследовательский Томский политехнический университет (ТПУ)); Российский фонд фундаментальных исследований (РФФИ); Томское профессорское собрание; Международная академия наук экологии и безопасности жизнедеятельности (МАНЭБ)  |v [С. 211-213]  |d 2010 
610 1 |a композиционные материалы 
610 1 |a керамические композиты 
610 1 |a оксидные материалы 
610 1 |a золь-гель метод 
610 1 |a получение 
610 1 |a нанопластичность 
610 1 |a электронный ресурс 
610 1 |a труды учёных ТПУ 
700 1 |a Бородин  |b Ю. В.  |c химик-технолог  |c доцент Томского политехнического университета, кандидат технических наук  |f 1958-  |g Юрий Викторович  |3 (RuTPU)RU\TPU\pers\26181  |9 11990 
801 1 |a RU  |b 63413507  |c 20111130 
801 2 |a RU  |b 63413507  |c 20111208  |g RCR 
856 4 |u http://www.lib.tpu.ru/fulltext/v/Conferences/2010/K02/4075.pdf 
942 |c CF